| 000 | 01036nam a2200229Ia 4500 | ||
|---|---|---|---|
| 003 | IN-BaIIA | ||
| 008 | 211028s9999 xx 000 0 eng d | ||
| 020 | _a0-7923-5076-6 | ||
| 040 | _cIIA Library | ||
| 080 |
_a082.2:52 _bIAU-S185 |
||
| 111 |
_aSymposium of the International Astronomical Union _cJapan _d1997 Aug. 18-22 _922010 |
||
| 245 | 0 |
_aNew eyes to see inside the sun and the stars- pushing the limits of helio and asteroseismology with new observations fromground and from space _bproceedings of the 185th symposium of the IAU , held in Kyoto, Japan, August 18-22, 1997 _cedited by Franz-Ludwig Deubner, J. Christensen-Dalsgaard and Don Kurtz |
|
| 260 |
_aDordrecht _bKluwer Academic _c1998 |
||
| 300 | _axiv, 487p. | ||
| 490 | _aIAU Symposium; no. 185 | ||
| 650 |
_aAsterioseismology _922011 |
||
| 650 |
_aHelioseismology _915702 |
||
| 700 |
_aChristensen-Dalsgaard, J., ed. _921800 |
||
| 700 |
_aKurtz, Don, ed. _922012 |
||
| 710 | _aInternational Astronomical Union | ||
| 942 | _cBK | ||
| 999 |
_c12559 _d12559 |
||